South American Countries by 2 Letter Abbreviations - Statistics

General Stats
  • This quiz has been taken 41 times
  • The average score is 11 of 13
Answer Stats
Abbreviations Countries % Correct
BO Bolivia
100%
AR Argentina
97%
BR Brazil
97%
CO Colombia
92%
CL Chile
90%
EC Ecuador
87%
GY Guyana
82%
PY Paraguay
82%
PE Peru
79%
SR Suriname
79%
UY Uruguay
79%
VE Venezuela
77%
GF French Guiana
72%
No matching quizzes found
Score Distribution
Percent of People with Each Score
Percentile by Number Answered
Your Score History
You have not taken this quiz